Building adaptation -- 2nd ed. (Record no. 78896)

MARC details
000 -LEADER
fixed length control field 01199nam a2200229 a 4500
008 - FIXED-LENGTH DATA ELEMENTS--GENERAL INFORMATION
fixed length control field 090421s2006 ||||||||||||||||| || u
020 ## - INTERNATIONAL STANDARD BOOK NUMBER
International Standard Book Number 9780750666671
050 ## - LIBRARY OF CONGRESS CALL NUMBER
Classification number TH 3401 Dou
100 ## - MAIN ENTRY--PERSONAL NAME
Personal name Douglas, James
245 10 - TITLE STATEMENT
Title Building adaptation -- 2nd ed.
Statement of responsibility, etc. by James Douglas
250 ## - EDITION STATEMENT
Edition statement 2nd ed.
260 ## - PUBLICATION, DISTRIBUTION, ETC.
Place of publication, distribution, etc. London
Name of publisher, distributor, etc. Elsevier
Date of publication, distribution, etc. 2006
300 ## - PHYSICAL DESCRIPTION
Extent xxii, 651p.: ill.
350 ## -
-- 0.00
650 ## - SUBJECT ADDED ENTRY--TOPICAL TERM
Topical term or geographic name entry element BUILDING
650 ## - SUBJECT ADDED ENTRY--TOPICAL TERM
Topical term or geographic name entry element BUILDINGS--RENOVATIONS, MAINTENANCE
650 ## - SUBJECT ADDED ENTRY--TOPICAL TERM
Topical term or geographic name entry element BUILDINGS--REPAIR AND CONSTRUCTION
995 ## -
-- ANNEX COLLECTION (Main Library)
-- 0.00
-- 740912
-- CBU-MAIN LIBRARY (Kitwe)
-- 1
-- 0.00
-- TH 3401 Dou
-- 3
-- AVAILABLE
-- Mar 5, 2010
-- 740912
-- Annex Low-Usage Collection
995 ## -
-- ANNEX COLLECTION (Main Library)
-- 0.00
-- 740911
-- CBU-MAIN LIBRARY (Kitwe)
-- 1
-- 0.00
-- TH 3401 Dou
-- 2
-- AVAILABLE
-- Mar 5, 2010
-- 740911
-- Annex Low-Usage Collection
995 ## -
-- MAIN LIBRARY OPEN ACCESS
-- 742944
-- CBU-MAIN LIBRARY (Kitwe)
-- 0.00
-- TH 3401 Dou
-- 4
-- AVAILABLE
-- Jun 25, 2012
-- 742944
-- Main Library Open Access Collection
995 ## -
-- MAIN LIBRARY OPEN ACCESS
-- 0.00
-- 739509
-- CBU-MAIN LIBRARY (Kitwe)
-- 1
-- 0.00
-- TH 3401 Dou
-- 1
-- AVAILABLE
-- Apr 21, 2009
-- 739509
-- Main Library Open Access Collection
999 ## -
-- 78896
-- 78896

No items available.